000 01167cam a2200241 4500
001 WB4006-08
008 040211n2004 000 0 eng u
035 _a(Sirsi) u125108
245 _aQuality standard launched
260 _c2004
490 _aScottish Executive News Release
_v(SECD392/2004) 4 February 2004 (4)
520 _aThe Scottish Executive have outlined the "Scottish housing quality standard", which defines what is acceptable as good quality housing. Local authorities and registered social landlords will have until 2015 to meet targets for achieving minimum standards in housing quality. They will be required to be free from serious disrepair, energy efficient, of a good standard and be safe and secure. 70% of Scotland's social housing is currently estimated to fall beneath these standards. http://www.scotland.gov.uk/pages/news/2004/02/SECD 392.aspx
590 _aWB
590 _aWB
650 _aSCOTLAND
650 _aQUALITY STANDARDS
650 _aSOCIAL HOUSING
650 _aHOUSING STANDARDS
650 _aSCOTTISH HOUSING QUALITY STANDARD
650 _aREGISTERED SOCIAL LANDLORDS
690 _aHOUSING
942 _n0
999 _c117014
_d117014